[Event "2nd Science Park Open A"]
[Site "Amsterdam NED"]
[Date "2012.07.17"]
[Round "4"]
[White "Lee, Kai Jie Edward"]
[Black "Brookes, Christopher"]
[Result "1-0"]
[WhiteElo "2126"]
[BlackElo "2171"]
[WhiteFideId "5802920"]
[BlackFideId "4669355"]
[EventDate "2012.07.14"]

1. e4 c5 2. Nf3 d6 3. d4 cxd4 4. Nxd4 Nf6 5. Nc3 g6 6. Be2 Bg7 7. O-O Nc6 8. Be3
O-O 9. Qd2 Bd7 10. f3 Nxd4 11. Bxd4 Bc6 12. Rfd1 Qd7 13. Nd5 e5 14. Bxe5 Nxe4
15. Bxg7 Nxd2 16. Nf6+ Kxg7 17. Nxd7 Nxf3+ 18. Bxf3 Bxd7 19. Rxd6 Bf5 20. c4
Rac8 21. Rc1 b6 22. b4 Rfd8 23. Rxd8 Rxd8 24. c5 bxc5 25. bxc5 Kf6 26. c6 Rd2
27. a4 Ra2 28. h3 Ke7 29. c7 Bc8 30. Rc4 h5 31. h4 a5 32. Bc6 Rb2 33. Bb5 Rb4
34. Rc2 Rxh4 35. Rd2 Rg4 36. Rd8 Bb7 37. c8=Q Rxg2+ 38. Kf1 Bxc8 39. Re8+ 1-0

[Event "2nd Science Park Open A"]
[Site "Amsterdam NED"]
[Date "2012.07.17"]
[Round "4"]
[White "Knol, Geon"]
[Black "Henseler, Jorgen"]
[Result "1-0"]
[WhiteElo "2156"]
[BlackElo "2075"]
[WhiteFideId "1012142"]
[BlackFideId "1023233"]
[EventDate "2012.07.14"]

1. c3 d5 2. g3 e5 3. d4 e4 4. Na3 Nf6 5. h4 Be7 6. Nh3 Nbd7 7. Nc2 Nb6 8. Bg2
O-O 9. Bf4 Bd7 10. Ne3 a5 11. Bg5 Ng4 12. Nxg4 Bxg4 13. Bxe7 Qxe7 14. Nf4 Qd7
15. O-O h6 16. f3 exf3 17. exf3 Bf5 18. b3 Rfe8 19. Qd2 Re7 20. Rfe1 Rae8 21.
Kf2 Qd6 22. Bf1 Nd7 23. Rxe7 Rxe7 24. Re1 c6 25. Rxe7 Qxe7 26. c4 dxc4 27. bxc4
b6 28. c5 bxc5 29. Qxa5 Qd6 30. d5 cxd5 31. Qa8+ Kh7 32. Qxd5 Qxd5 33. Nxd5 Be6
34. Nc3 Ne5 35. a4 Nc6 36. Ke3 Bb3 37. Bb5 Na5 38. Ne4 c4 39. Kd4 Bd1 40. f4 Kg6
41. Nc3 Bf3 42. Kc5 Nb7+ 43. Kxc4 Nd6+ 44. Kc5 Nxb5 45. axb5 Kf5 46. Nd5 Ke6 47.
Ne3 f6 48. Nc2 Be4 49. Nd4+ Kd7 50. f5 g5 51. fxg6 Bxg6 52. Kd5 Bf7+ 53. Ke4
Bg6+ 54. Kf4 h5 55. Nf5 Kc7 56. Ne7 Bd3 57. Nd5+ 1-0

[Event "2nd Science Park Open A"]
[Site "Amsterdam NED"]
[Date "2012.07.17"]
[Round "4"]
[White "Stork, Ornett"]
[Black "Vereggen, Lars"]
[Result "0-1"]
[WhiteElo "2136"]
[BlackElo "2051"]
[WhiteFideId "1010719"]
[BlackFideId "1029258"]
[EventDate "2012.07.14"]

1. d4 Nf6 2. c4 c5 3. d5 e5 4. Nc3 d6 5. e4 Be7 6. h3 Nbd7 7. Bd3 O-O 8. Nf3 a6
9. Qc2 Rb8 10. Bd2 Ne8 11. g4 Nc7 12. a4 b6 13. b3 Re8 14. O-O Nf8 15. Ne1 Ng6
16. Ng2 Bf6 17. Ra2 a5 18. Raa1 Rb7 19. Rae1 Na6 20. Qd1 Nb8 21. Ne2 h6 22. Ng3
Bg5 23. Nf5 Nf4 24. Bxf4 Bxf4 25. Nxf4 exf4 26. Qf3 g5 27. Nxh6+ Kg7 28. Nf5+
Bxf5 29. exf5 Rxe1 30. Rxe1 Qf6 31. Qe4 Nd7 32. Qe7 Qxe7 33. Rxe7 Kf6 34. Re8
Rb8 35. Re2 Ne5 36. Be4 Rh8 37. Kg2 f3+ 38. Bxf3 Nxf3 39. Kxf3 Rxh3+ 40. Kg2
Rxb3 41. Re8 Rb4 42. Rb8 Rxc4 43. Rxb6 Rxg4+ 44. Kh3 Rh4+ 45. Kg3 Ke5 0-1

[Event "2nd Science Park Open A"]
[Site "Amsterdam NED"]
[Date "2012.07.17"]
[Round "4"]
[White "Go, Benjamin"]
[Black "Van Lommel, Patrick"]
[Result "0-1"]
[BlackTitle "CM"]
[WhiteElo "2164"]
[BlackElo "2120"]
[WhiteFideId "1014560"]
[BlackFideId "1008269"]
[EventDate "2012.07.14"]

1. e4 e6 2. Nf3 d5 3. Nc3 Nf6 4. e5 Nfd7 5. d4 c5 6. dxc5 Nc6 7. Bf4 Nxc5 8. Qd2
Be7 9. O-O-O a6 10. Qe3 b5 11. Nd4 Bb7 12. Qg3 g6 13. Be3 Rc8 14. f4 b4 15. Nce2
Na5 16. Kb1 Qc7 17. Qe1 Nc4 18. Nc1 Na4 19. Bxc4 dxc4 20. Qf2 Qa5 21. Rhe1 Bd5
22. g4 Nxb2 23. Kxb2 Qa3+ 24. Kb1 c3 0-1

[Event "2nd Science Park Open A"]
[Site "Amsterdam NED"]
[Date "2012.07.17"]
[Round "4"]
[White "Hoffman, Ron"]
[Black "Farrand, Julian T"]
[Result "1-0"]
[WhiteElo "2096"]
[BlackElo "2116"]
[WhiteFideId "1007599"]
[BlackFideId "24602469"]
[EventDate "2012.07.14"]

1. d4 d6 2. Nf3 f5 3. Nc3 Nf6 4. Bg5 Nbd7 5. Qd3 g6 6. e4 fxe4 7. Nxe4 Nxe4 8.
Qxe4 Bg7 9. Bc4 Nf6 10. Qe2 Bg4 11. h3 Bxf3 12. Qxf3 c6 13. O-O-O d5 14. Bd3 O-O
15. Qe3 c5 16. dxc5 Qa5 17. a3 e5 18. Qxe5 Qxc5 19. Be3 Qc6 20. Qc3 Qe6 21. Qb3
Rac8 22. Rhe1 Qf7 23. g4 Nd7 24. Bf1 d4 25. Qxf7+ Rxf7 26. Bxd4 Bxd4 27. Rxd4
Rxf2 28. Rxd7 Rfxc2+ 29. Kb1 1-0

[Event "2nd Science Park Open A"]
[Site "Amsterdam NED"]
[Date "2012.07.17"]
[Round "4"]
[White "Hendriks, Theo"]
[Black "Dehmel, Jens"]
[Result "1/2-1/2"]
[WhiteElo "2067"]
[BlackElo "2094"]
[WhiteFideId "1015915"]
[BlackFideId "4676548"]
[EventDate "2012.07.14"]

1. e4 e5 2. Nf3 Nc6 3. Bb5 a6 4. Ba4 Nf6 5. O-O Nxe4 6. d4 b5 7. Bb3 d5 8. dxe5
Be6 9. c3 Bc5 10. Qe1 O-O 11. Be3 Qd7 12. Nbd2 Bxe3 13. Qxe3 Nxd2 14. Qxd2 Rad8
15. Rad1 Na5 16. Nd4 c5 17. Nxe6 fxe6 18. f4 d4 19. cxd4 Nxb3 20. axb3 cxd4 21.
Rf3 Rf7 22. Rd3 Qa7 23. Qf2 Rfd7 24. g4 Qc5 25. Kg2 a5 1/2-1/2

[Event "2nd Science Park Open A"]
[Site "Amsterdam NED"]
[Date "2012.07.18"]
[Round "5.1"]
[White "Klein, David"]
[Black "Haslinger, Stewart G"]
[Result "1/2-1/2"]
[WhiteTitle "FM"]
[BlackTitle "GM"]
[WhiteElo "2438"]
[BlackElo "2536"]
[WhiteFideId "1003623"]
[BlackFideId "405248"]
[EventDate "2012.07.14"]

1. e4 e5 2. Nf3 d6 3. d4 exd4 4. Nxd4 Nf6 5. Nc3 Be7 6. g3 O-O 7. Bg2 c6 8. O-O
Re8 9. h3 Bf8 10. g4 g6 11. Bg5 Nbd7 12. Qd2 Qb6 13. Nb3 a5 14. a4 Be7 15. Kh1
Qd8 16. f4 h5 17. Bf3 hxg4 18. hxg4 Nf8 19. Qg2 1/2-1/2

[Event "2nd Science Park Open A"]
[Site "Amsterdam NED"]
[Date "2012.07.18"]
[Round "5.3"]
[White "Van Assendelft, Floris"]
[Black "Sergeev, Vladimir"]
[Result "1-0"]
[WhiteTitle "FM"]
[BlackTitle "GM"]
[WhiteElo "2348"]
[BlackElo "2479"]
[WhiteFideId "1010271"]
[BlackFideId "14101076"]
[EventDate "2012.07.14"]

1. e4 Nf6 2. e5 Nd5 3. d4 d6 4. exd6 cxd6 5. c4 Nb6 6. Nc3 g6 7. Be3 Bg7 8. Rc1
O-O 9. b3 a5 10. Be2 a4 11. Nf3 axb3 12. axb3 Bf5 13. d5 e5 14. dxe6 Bxe6 15.
Nd4 d5 16. O-O Nc6 17. Nxe6 fxe6 18. Bc5 Re8 19. cxd5 Nxd5 20. Nb5 b6 21. Bd6
Nd4 22. Nxd4 Qxd6 23. Bb5 Re7 24. Rc6 Qb4 25. Bc4 Nc3 26. Qf3 Rf8 27. Nc2 Qa5
28. Qh3 b5 29. Rxe6 Rxe6 30. Qxe6+ Kh8 31. Bd3 Qd8 32. Qh3 Qd6 33. Re1 Qf6 34.
Qe3 Nd5 35. Qc5 Nc3 36. g3 Qf7 37. b4 Qd7 38. Re3 Qd8 39. Qe7 Qa8 40. Be4 Qa2
41. Rxc3 1-0

[Event "2nd Science Park Open A"]
[Site "Amsterdam NED"]
[Date "2012.07.18"]
[Round "5.4"]
[White "Greenfeld, Alon"]
[Black "Ten Hertog, Hugo"]
[Result "1/2-1/2"]
[WhiteTitle "GM"]
[BlackTitle "FM"]
[WhiteElo "2556"]
[BlackElo "2349"]
[WhiteFideId "2800039"]
[BlackFideId "1026356"]
[EventDate "2012.07.14"]

1. Nf3 g6 2. d4 Bg7 3. c4 d6 4. Nc3 Nd7 5. e4 e5 6. Be2 Ne7 7. O-O O-O 8. Be3
exd4 9. Nxd4 Nc5 10. Nb3 Bxc3 11. bxc3 Nxe4 12. Qd4 Nc5 13. Qh4 Nf5 14. Qxd8
Rxd8 15. Bg5 Re8 16. Bf3 h6 17. Nxc5 hxg5 18. Nxb7 Bxb7 19. Bxb7 Rab8 20. Rfb1
Re2 21. g3 Rc2 22. Rb3 a5 23. Be4 Rxb3 24. axb3 Rxc3 25. Rxa5 Nd4 26. Ra8+ Kg7
27. Ra7 Ne6 28. Bd5 Rxb3 29. c5 Rb1+ 30. Kg2 Kf6 31. Bxe6 Ke5 1/2-1/2

[Event "2nd Science Park Open A"]
[Site "Amsterdam NED"]
[Date "2012.07.18"]
[Round "5.5"]
[White "Kohler, Aran"]
[Black "Antal, Gergely"]
[Result "1/2-1/2"]
[WhiteTitle "FM"]
[BlackTitle "GM"]
[WhiteElo "2229"]
[BlackElo "2511"]
[WhiteFideId "1002856"]
[BlackFideId "717312"]
[EventDate "2012.07.14"]

1. Nf3 Nf6 2. d4 g6 3. Bg5 Bg7 4. Nbd2 O-O 5. c3 c5 6. e3 b6 7. Bd3 Bb7 8. h4 d6
9. h5 Nxh5 10. Rxh5 gxh5 11. Nh4 Qe8 12. Qxh5 f5 13. Qe2 h6 14. Bf4 e5 15. dxe5
dxe5 16. Bxh6 Bxh6 17. Nxf5 Rxf5 18. Bxf5 Bg7 19. Qg4 Na6 20. Ne4 Bxe4 21. Bxe4
Rd8 22. Bg6 Qd7 23. Qc4+ Kh8 24. Qh4+ Kg8 25. Qc4+ Kh8 26. Qh4+ Kg8 27. Qc4+ Kh8
28. Qxa6 Qd2+ 1/2-1/2

[Event "2nd Science Park Open A"]
[Site "Amsterdam NED"]
[Date "2012.07.18"]
[Round "5.6"]
[White "Van Oosterom, Chiel"]
[Black "Visser, Henk Jan"]
[Result "1-0"]
[WhiteTitle "IM"]
[WhiteElo "2385"]
[BlackElo "2246"]
[WhiteFideId "1013076"]
[BlackFideId "1010204"]
[EventDate "2012.07.14"]

1. c4 e5 2. g3 Nf6 3. Bg2 d5 4. cxd5 Nxd5 5. Nc3 Nb6 6. Nf3 Nc6 7. O-O Be7 8. a3
O-O 9. b4 Be6 10. d3 f6 11. Bb2 a5 12. b5 Nd4 13. Nd2 Qc8 14. e3 Nf5 15. Qe2 Rd8
16. Rac1 Nd6 17. Rfe1 Bf8 18. Rc2 a4 19. Rec1 Qd7 20. Nde4 Ne8 21. Rd2 Qe7 22.
f4 exf4 23. gxf4 Rd7 24. Nd1 Qd8 25. Ndf2 Bd5 26. Qg4 Ra5 27. Nc5 Bxc5 28. Rxc5
Bxg2 29. Qxg2 Nd5 30. Ng4 b6 31. Rxd5 Rxd5 32. Bxf6 Qd7 33. Bxg7 h5 34. Nh6+ Kh7
35. Qe4+ Rf5 36. Nxf5 Nxg7 37. Nxg7+ Kxg7 38. Rg2+ Kf8 39. Qb4+ Qd6 40. Qxd6+
cxd6 41. Rg5 Ra7 42. Rxh5 Rc7 43. Rh8+ Kg7 44. Ra8 Rc3 45. Rxa4 Rxd3 46. Kf2
Rd2+ 47. Kg3 1-0

[Event "2nd Science Park Open A"]
[Site "Amsterdam NED"]
[Date "2012.07.18"]
[Round "5.7"]
[White "Bosboom, Manuel"]
[Black "Timmermans, Mark"]
[Result "1-0"]
[WhiteTitle "IM"]
[WhiteElo "2375"]
[BlackElo "2194"]
[WhiteFideId "1000080"]
[BlackFideId "1026399"]
[EventDate "2012.07.14"]

1. d4 Nf6 2. Nf3 c5 3. d5 b5 4. Bg5 Qb6 5. a4 bxa4 6. Rxa4 d6 7. Nbd2 Bd7 8. Ra3
Qxb2 9. Rb3 Qa2 10. e4 Ba4 11. e5 Bxb3 12. Bb5+ Nfd7 13. cxb3 dxe5 14. Nc4 f6
15. O-O e4 16. Nfd2 f5 17. Re1 Na6 18. Re2 Nc7 19. Bxd7+ Kxd7 20. Nxe4 1-0

[Event "2nd Science Park Open A"]
[Site "Amsterdam NED"]
[Date "2012.07.18"]
[Round "5.9"]
[White "Afek, Yochanan"]
[Black "Lammens, Tim"]
[Result "1/2-1/2"]
[WhiteTitle "IM"]
[BlackTitle "FM"]
[WhiteElo "2293"]
[BlackElo "2291"]
[WhiteFideId "2800462"]
[BlackFideId "1008803"]
[EventDate "2012.07.14"]

1. e4 e5 2. Nf3 d6 3. Nc3 Nf6 4. Bc4 Be7 5. O-O O-O 6. h3 c6 7. Bb3 a5 8. a4 Na6
9. d4 exd4 10. Qxd4 Nd7 11. Bf4 Ndc5 12. Bc4 Nb4 13. Qd2 Nxe4 14. Nxe4 d5 15.
Bb3 dxe4 16. Qxd8 Rxd8 17. Rfe1 Bf6 18. Rxe4 Bf5 19. Re2 Bxb2 20. Rb1 Bf6 21. g4
Be6 22. Bxe6 fxe6 23. g5 Be7 24. Rxe6 Bc5 25. Be3 Bxe3 26. Rxe3 b5 27. Rc3 Rd5
28. Kg2 Rf8 29. Ra1 bxa4 30. Rxa4 Rdf5 31. Raa3 Nd5 32. Rxc6 Nf4+ 33. Kh2 Ng6
34. Rcc3 a4 35. h4 h5 36. gxh6 gxh6 37. Re3 h5 38. Kg3 Rf4 39. Ne5 Nxh4 40. f3
Rb4 41. Re4 Nf5+ 42. Kh3 Rxe4 43. fxe4 Nd6 44. Rxa4 Rc8 45. Rd4 Nxe4 46. Rxe4
Rxc2 47. Kh4 Kg7 48. Nd7 Kg6 49. Re6+ Kf5 50. Rf6+ Ke4 51. Kxh5 Rg2 52. Rf1 Kd4
53. Nf6 Kd3 54. Ng4 Kd4 55. Kg5 Kc5 56. Kf4 Kd6 57. Ne3 Ra2 58. Nf5+ Ke6 59. Ng3
Ra4+ 60. Ne4 Rb4 61. Ra1 Kd5 62. Rd1+ Rd4 63. Re1 Rb4 64. Kf5 Kd4 65. Ng5 Kd3
66. Ne6 Kd2 67. Re5 Kc3 68. Re3+ Kc4 69. Ke5 Rb5+ 70. Ke4 Rb6 71. Ng5 Rb8 72.
Nf3 Kc5 73. Rc3+ 1/2-1/2

[Event "2nd Science Park Open A"]
[Site "Amsterdam NED"]
[Date "2012.07.18"]
[Round "5.10"]
[White "Pruijssers, Roeland"]
[Black "Arjun, Bharat"]
[Result "1-0"]
[WhiteTitle "GM"]
[BlackTitle "CM"]
[WhiteElo "2525"]
[BlackElo "2250"]
[WhiteFideId "1013068"]
[BlackFideId "5032725"]
[EventDate "2012.07.14"]

1. e4 c5 2. Nf3 d6 3. d4 cxd4 4. Nxd4 Nf6 5. Nc3 g6 6. Be3 Bg7 7. f3 O-O 8. Qd2
Nc6 9. Bc4 Bd7 10. O-O-O Rb8 11. Bb3 Na5 12. Kb1 b5 13. h4 Nc4 14. Bxc4 bxc4 15.
Ka1 Qb6 16. Rb1 Qb4 17. h5 Rb6 18. hxg6 fxg6 19. Nde2 Ra6 20. Rhd1 Rb8 21. Bd4
Be6 22. g4 Rb5 23. Nc1 Rba5 24. a3 Qb8 25. g5 Nd7 26. Bxg7 Kxg7 27. N1a2 Bg8 28.
Nd5 Bxd5 29. exd5 Qf8 30. Nb4 Qxf3 31. c3 Rb6 32. Rf1 Qg3 33. Rg1 Qh3 34. Rh1
Qg3 35. Rbg1 Qf3 36. Rf1 Qg3 37. Rfg1 Qf3 38. Rf1 Qg3 39. Rhg1 Qh3 40. Qf2 Qf5
41. Qh4 Qe5 42. Qh3 Nc5 43. Qh6+ 1-0

[Event "2nd Science Park Open A"]
[Site "Amsterdam NED"]
[Date "2012.07.18"]
[Round "5.12"]
[White "Schoorl, Rob"]
[Black "Kuling, Lody"]
[Result "1/2-1/2"]
[WhiteTitle "FM"]
[WhiteElo "2362"]
[BlackElo "2244"]
[WhiteFideId "1009508"]
[BlackFideId "1019686"]
[EventDate "2012.07.14"]

1. e4 c5 2. Nf3 d6 3. d4 cxd4 4. Nxd4 Nf6 5. Nc3 a6 6. Qe2 g6 7. Bg5 Bg7 8.
O-O-O Nbd7 9. f4 Qa5 10. Nf3 h6 11. Bh4 Nh5 12. Qe3 Bxc3 13. bxc3 Qa3+ 14. Kd2
Nc5 15. Bc4 Be6 16. Bb3 Rc8 17. Ke2 Nxf4+ 18. Qxf4 Nxb3 19. axb3 g5 20. Qe3 gxh4
21. Rd3 Rg8 22. Kf2 Qc5 23. Qxc5 Rxc5 24. Nxh4 Rg4 25. Nf3 Rxe4 26. g3 Bf5 27.
Nd4 Bg6 28. c4 Kf8 29. Rd2 b5 30. cxb5 axb5 31. h3 d5 32. b4 Rc8 33. Rc1 e5 34.
Nxb5 Rxb4 35. Rxd5 Rb2 36. Rxe5 Rcxc2+ 37. Rxc2 Rxc2+ 38. Re2 Rxe2+ 39. Kxe2 Bf5
40. h4 Bd7 41. Nd4 Kg7 42. Ke3 Kg6 43. Kf4 Kf6 44. Nc2 Bf5 45. Ne3 Be6 46. Ke4
Bc8 47. Nd5+ Ke6 48. Ne3 Kf6 49. g4 Kg6 50. Kf4 h5 51. g5 f6 52. gxf6 Kxf6 53.
Nd5+ Kg7 54. Kg5 Bg4 55. Nf6 Bd1 56. Nxh5+ Bxh5 57. Kf4 1/2-1/2

[Event "2nd Science Park Open A"]
[Site "Amsterdam NED"]
[Date "2012.07.18"]
[Round "5"]
[White "Vroombout, Enrico"]
[Black "Bezemer, Arno"]
[Result "1-0"]
[BlackTitle "FM"]
[WhiteElo "2241"]
[BlackElo "2346"]
[WhiteFideId "1008730"]
[BlackFideId "1001396"]
[EventDate "2012.07.14"]

1. e4 c5 2. Nf3 d6 3. d4 cxd4 4. Nxd4 Nf6 5. Nc3 a6 6. Be2 g6 7. g4 h6 8. Be3
Nbd7 9. Qd2 b5 10. f3 Bb7 11. a3 Rc8 12. O-O-O Bg7 13. h4 Nb6 14. h5 e5 15.
Ndxb5 axb5 16. Nxb5 d5 17. hxg6 fxg6 18. Bxh6 Bxh6 19. Rxh6 Rxh6 20. Qxh6 Kf7
21. exd5 Nbxd5 22. Bd3 Nf4 23. Bxg6+ Nxg6 24. Rxd8 Rxd8 25. g5 Bxf3 26. b3 Nh5
27. Qh7+ Ng7 28. Qh3 Rd1+ 29. Kb2 e4 30. Nc3 Rd2 31. Qf1 Nf5 32. Qc4+ Kg7 33.
Nxe4 Re2 34. Qc3+ 1-0

[Event "2nd Science Park Open A"]
[Site "Amsterdam NED"]
[Date "2012.07.18"]
[Round "5"]
[White "Zult, Daan"]
[Black "Van der Lende, Ilias"]
[Result "1-0"]
[WhiteElo "2252"]
[BlackElo "2175"]
[WhiteFideId "1005510"]
[BlackFideId "1019260"]
[EventDate "2012.07.14"]

1. c4 e5 2. g3 c6 3. d4 exd4 4. Nf3 d5 5. Qxd4 Nf6 6. Bg2 dxc4 7. Qxc4 Be6 8.
Qc2 Na6 9. a3 Qa5+ 10. Bd2 Qh5 11. Nd4 Bd5 12. e4 Qe5 13. O-O Nxe4 14. Bxe4 Bxe4
15. Re1 Nc5 16. Nc3 O-O-O 17. Nxe4 Qxd4 18. Ba5 Rd5 19. Nc3 Qd3 20. Re8+ Kd7 21.
Rd8+ Ke6 22. Re1+ Kf5 23. Nxd5 1-0

[Event "2nd Science Park Open A"]
[Site "Amsterdam NED"]
[Date "2012.07.18"]
[Round "5"]
[White "Diaz Herrero, Alvaro"]
[Black "Riemersma, Li"]
[Result "0-1"]
[BlackTitle "IM"]
[WhiteElo "2137"]
[BlackElo "2425"]
[WhiteFideId "22201572"]
[BlackFideId "1000250"]
[EventDate "2012.07.14"]

1. e4 c6 2. d4 d5 3. Nd2 dxe4 4. Nxe4 Bf5 5. Ng3 Bg6 6. h4 h6 7. Nf3 Nd7 8. h5
Bh7 9. Bd3 Bxd3 10. Qxd3 e6 11. Bf4 Qa5+ 12. Bd2 Bb4 13. Ne4 Ngf6 14. Nd6+ Ke7
15. Nxb7 Bxd2+ 16. Nxd2 Qb4 17. Qa3 Qxa3 18. bxa3 Rab8 19. Rb1 c5 20. dxc5 Rhc8
21. Rb3 Rc7 22. Na5 Rxc5 23. Ndc4 Rbc8 24. Rh4 Nb6 25. Rb4 Nfd5 26. Nxb6 axb6 0-1

[Event "2nd Science Park Open A"]
[Site "Amsterdam NED"]
[Date "2012.07.18"]
[Round "5"]
[White "Ritsema, Ronald"]
[Black "Duijker, Rick"]
[Result "0-1"]
[BlackTitle "FM"]
[WhiteElo "2054"]
[BlackElo "2195"]
[WhiteFideId "1010409"]
[BlackFideId "1010565"]
[EventDate "2012.07.14"]

1. d4 Nf6 2. c4 c5 3. d5 b5 4. Nf3 Bb7 5. Qc2 e6 6. e4 bxc4 7. dxe6 fxe6 8. e5
Nd5 9. Bxc4 Nc6 10. O-O Qc7 11. Bxd5 Nb4 12. Qd1 Nxd5 13. Na3 c4 14. Nb5 Qb6 15.
Nc3 Be7 16. Qe2 O-O 17. Nxd5 Bxd5 18. Be3 Qb7 19. Ne1 Rab8 20. Bd4 Rf4 21. Qd2
Rg4 22. f3 Rxd4 23. Qxd4 Qxb2 24. Qd1 Qxe5 25. Nc2 Bd6 26. g3 Rb2 27. Kh1 Bc5
28. a3 a5 29. Re1 Qc3 0-1

[Event "2nd Science Park Open A"]
[Site "Amsterdam NED"]
[Date "2012.07.18"]
[Round "5"]
[White "Efroimski, Marsel"]
[Black "Galje, Hans"]
[Result "1-0"]
[WhiteTitle "WIM"]
[WhiteElo "2187"]
[BlackElo "2108"]
[WhiteFideId "2810964"]
[BlackFideId "1003240"]
[EventDate "2012.07.14"]

1. e4 e6 2. d4 d5 3. Nd2 Nf6 4. e5 Nfd7 5. Ngf3 c5 6. Bd3 cxd4 7. O-O Nc6 8. Re1
Qc7 9. Qe2 Nc5 10. Bb5 Bd7 11. Bxc6 bxc6 12. Nxd4 Be7 13. Nf1 Rb8 14. Ng3 g6 15.
Bh6 Bf8 16. Bxf8 Rxf8 17. c4 Qb6 18. Rab1 a5 19. Nf3 h6 20. Rec1 Rh8 21. h4 Bc8
22. cxd5 exd5 23. Qc2 Na6 24. Qxc6+ Qxc6 25. Rxc6 Nb4 26. Rc5 Nxa2 27. Rxa5 Nb4
28. Rc1 Be6 29. Rc7 Kd8 30. Raa7 Na6 31. Rc6 Nb4 32. Rd6+ Kc8 33. h5 g5 34. Nd4
Re8 35. Ngf5 Bxf5 36. Nxf5 Rb7 37. Ra8+ Rb8 38. Rxb8+ Kxb8 39. Rb6+ Kc7 40. Rxb4
Rxe5 41. Nxh6 1-0

[Event "2nd Science Park Open A"]
[Site "Amsterdam NED"]
[Date "2012.07.18"]
[Round "5"]
[White "Vereggen, Lars"]
[Black "De Saegher, Chris"]
[Result "1/2-1/2"]
[WhiteElo "2051"]
[BlackElo "2208"]
[WhiteFideId "1029258"]
[BlackFideId "1004433"]
[EventDate "2012.07.14"]

1. d4 d5 2. Nf3 Nf6 3. g3 c6 4. Bg2 Bg4 5. Nbd2 Nbd7 6. c4 e6 7. O-O Be7 8. b3
O-O 9. Bb2 a5 10. Re1 a4 11. e4 dxe4 12. Nxe4 Bb4 13. Bc3 Qa5 14. Bxb4 Qxb4 15.
Qd2 1/2-1/2

[Event "2nd Science Park Open A"]
[Site "Amsterdam NED"]
[Date "2012.07.18"]
[Round "5"]
[White "De Rover, Yong Hoon"]
[Black "Straat, Evert-Jan"]
[Result "1-0"]
[WhiteElo "2287"]
[BlackElo "2091"]
[WhiteFideId "1010298"]
[BlackFideId "1001418"]
[EventDate "2012.07.14"]

1. e4 e6 2. d4 d5 3. Nc3 Nf6 4. e5 Nfd7 5. f4 c5 6. Nf3 Nc6 7. Be3 cxd4 8. Nxd4
Bc5 9. Qd2 Bxd4 10. Bxd4 Nxd4 11. Qxd4 Qb6 12. Qxb6 Nxb6 13. Nb5 Ke7 14. Kd2 Bd7
15. Nd4 h6 16. b3 f6 17. Re1 f5 18. Bd3 g5 19. g4 fxg4 20. f5 Raf8 21. Rhf1 exf5
22. e6 Be8 23. Nxf5+ Rxf5 24. Rxf5 Rf8 25. Rxf8 Kxf8 26. e7+ Kf7 27. Bf5 h5 28.
Kd3 1-0

[Event "2nd Science Park Open A"]
[Site "Amsterdam NED"]
[Date "2012.07.18"]
[Round "5"]
[White "Riemens, Albert"]
[Black "Van Dorp, Folke"]
[Result "1/2-1/2"]
[WhiteElo "2123"]
[BlackElo "2183"]
[WhiteFideId "1003941"]
[BlackFideId "1023209"]
[EventDate "2012.07.14"]

1. e4 e5 2. Nf3 Nc6 3. Nc3 Nf6 4. g3 Bb4 5. Bg2 O-O 6. O-O d6 7. d3 Be6 8. a3
Ba5 9. b4 Bb6 10. Na4 Qd7 11. Nxb6 axb6 12. Bb2 Bh3 13. Re1 Bxg2 14. Kxg2 Rfe8
15. c3 Rad8 16. Qc2 Nh5 17. h3 Qe6 18. Bc1 d5 19. g4 dxe4 20. dxe4 Nf6 21. Bg5
Rd7 22. Bxf6 Qxf6 23. Rad1 Red8 24. Rxd7 Rxd7 25. Rd1 Qd8 26. Rxd7 Qxd7 27. Qd2 1/2-1/2

[Event "2nd Science Park Open A"]
[Site "Amsterdam NED"]
[Date "2012.07.18"]
[Round "5"]
[White "Van Lommel, Patrick"]
[Black "Vogel, Jaap"]
[Result "1/2-1/2"]
[WhiteTitle "CM"]
[BlackTitle "FM"]
[WhiteElo "2120"]
[BlackElo "2179"]
[WhiteFideId "1008269"]
[BlackFideId "1000764"]
[EventDate "2012.07.14"]

1. d4 e6 2. e4 d5 3. Nc3 Bb4 4. Ne2 dxe4 5. a3 Bxc3+ 6. Nxc3 Nc6 7. d5 exd5 8.
Qxd5 Nge7 9. Qxd8+ Nxd8 10. Nxe4 Bf5 11. Bd3 Ne6 12. Bd2 O-O-O 13. O-O-O Rhe8
14. Rhe1 Bg6 15. Ng5 Nxg5 1/2-1/2

[Event "2nd Science Park Open A"]
[Site "Amsterdam NED"]
[Date "2012.07.18"]
[Round "5"]
[White "Klapwijk, Bram"]
[Black "Mellema, Andries"]
[Result "1/2-1/2"]
[WhiteElo "2041"]
[BlackElo "2167"]
[WhiteFideId "1009133"]
[BlackFideId "1011464"]
[EventDate "2012.07.14"]

1. e4 e6 2. d4 d5 3. Nd2 Nf6 4. Bd3 c5 5. c3 cxd4 6. cxd4 dxe4 7. Nxe4 Nc6 8.
Nf3 Be7 9. O-O O-O 10. Nxf6+ Bxf6 11. Be3 Nb4 12. Be4 Nd5 13. Qd3 g6 14. Bh6 Re8
15. Ne5 b6 16. f4 Bb7 17. a3 Qd6 18. Rad1 Bg7 19. Bxg7 Kxg7 20. g4 Rad8 21. f5
exf5 22. gxf5 f6 23. fxg6 Qe6 24. Qg3 h6 25. Bf5 Qd6 26. Bb1 Re7 27. Nf7 Qxg3+
28. hxg3 Rdd7 29. Rfe1 Ne3 30. Rd3 Nc4 31. Rxe7 Rxe7 32. Ba2 Bd5 33. Rc3 b5 34.
Bxc4 bxc4 35. Nd6 Kxg6 36. Nxc4 Re4 37. Ne3 Rxd4 38. Nxd5 Rxd5 39. Rc7 Rd1+ 40.
Kg2 Rd2+ 41. Kh3 Rxb2 42. Rxa7 h5 43. Ra8 Ra2 44. a4 Ra3 45. Ra5 1/2-1/2

[Event "2nd Science Park Open A"]
[Site "Amsterdam NED"]
[Date "2012.07.18"]
[Round "5"]
[White "Gravemaker, Wim Laurens"]
[Black "Punt, Roland"]
[Result "1-0"]
[WhiteElo "2066"]
[BlackElo "2141"]
[WhiteFideId "1036149"]
[BlackFideId "1017527"]
[EventDate "2012.07.14"]

1. e4 c5 2. Nf3 Nc6 3. d4 cxd4 4. Nxd4 Nf6 5. Nc3 e5 6. Ndb5 d6 7. Bg5 a6 8. Na3
Be6 9. g3 Be7 10. Bxf6 Bxf6 11. Bg2 Rc8 12. O-O Bg5 13. Kh1 b5 14. Nd5 O-O 15.
c3 f5 16. f4 Bh6 17. Nc2 fxe4 18. Nce3 exf4 19. gxf4 Qe8 20. Bxe4 Bh3 21. Qd3
Bxf1 22. Bxh7+ Kh8 23. Rxf1 Ne7 24. Bf5 Rd8 25. Rf3 Nxf5 26. Nxf5 Qe6 27. Nfe7
Rde8 28. Re3 Qd7 29. Ng6+ Kg8 30. Nde7+ Kf7 31. Qd5+ Kf6 32. Qd4+ Kf7 33. Ne5+
dxe5 34. Qxd7 Rxe7 35. Qd5+ Ke8 36. Rxe5 Bxf4 37. Qa8+ Kf7 38. Rf5+ 1-0